| 000 | 01735nam a2200313Ia 4500 | ||
|---|---|---|---|
| 001 | ebr10267567 | ||
| 003 | CaPaEBR | ||
| 006 | m u | ||
| 007 | cr cn||||||||| | ||
| 008 | 081106s2008 dcua sb 000 0 eng d | ||
| 020 | _z0309120500 | ||
| 020 | _z9780309120500 | ||
| 040 |
_aCaPaEBR _cCaPaEBR |
||
| 035 | _a(OCoLC)308433440 | ||
| 050 | 1 | 4 |
_aUG447 _b.R4854 2008eb |
| 245 | 0 | 0 |
_aReview of secondary waste disposal planning for the Blue Grass and Pueblo Chemical Agent Destruction Pilot Plants _h[electronic resource] / _cCommittee to Review Secondary Waste Disposal and Regulatory Requirements for the Assembled Chemical Weapons Alternatives Program, Board on Army Science and Technology, Division on Engineering and Physical Sciences. |
| 260 |
_aWashington, D.C. : _bNational Academies Press, _c2008. |
||
| 300 |
_axvi, 67 p. : _bill. |
||
| 504 | _aIncludes bibliographical references. | ||
| 533 |
_aElectronic reproduction. _bPalo Alto, Calif. : _cebrary, _d2009. _nAvailable via World Wide Web. _nAccess may be limited to ebrary affiliated libraries. |
||
| 610 | 1 | 0 |
_aUnited States. _bDept. of Defense. _bAssembled Chemical Weapons Alternatives Program _xEvaluation. |
| 650 | 0 |
_aChemical weapons disposal _zColorado _zPueblo. |
|
| 650 | 0 |
_aChemical weapons disposal _zKentucky _zRichmond. |
|
| 655 | 7 |
_aElectronic books. _2local |
|
| 710 | 2 | _aNational Academies Press (U.S.) | |
| 710 | 2 |
_aNational Research Council (U.S.). _bCommittee to Review Secondary Waste Disposal and Regulatory Requirements for the Assembled Chemical Weapons Alternatives Program. |
|
| 710 | 2 | _aebrary, Inc. | |
| 856 | 4 | 0 |
_uhttp://site.ebrary.com/lib/rucke/Doc?id=10267567 _zAn electronic book accessible through the World Wide Web; click to view |
| 999 |
_c23645 _d23645 |
||